| 000 | 00513nam a2200169 a 4500 | ||
|---|---|---|---|
| 005 | 20230512063725.0 | ||
| 008 | 991125s1965 jal 000 0 spa u | ||
| 035 | _aUPN01000018340 | ||
| 049 | _aCG | ||
| 050 | 4 |
_aLA2331 _bE48 |
|
| 245 | 0 | 0 | _aEducadores de Veracruz. |
| 260 |
_aJalapa : _bGobierno del Estado de Veracruz, Dirección General de Educación, _c1965. |
||
| 300 | _a219 p. | ||
| 440 | 0 |
_aBiblioteca del maestro veracruzano ; _v12 |
|
| 650 | 4 |
_aEducadores mexicanos _vBiografía _916883 |
|
| 905 | _aLibro | ||
| 999 |
_c18340 _d18340 |
||